"My gun was as tall as me" : (Record no. 14482)

000 -LEADER
fixed length control field 01296cam a22003615a 4500
001 - CONTROL NUMBER
control field 12917021
005 - DATE AND TIME OF LATEST TRANSACTION
control field 20170105102856.0
008 - FIXED-LENGTH DATA ELEMENTS--GENERAL INFORMATION
fixed length control field 020905s2002 nyub b 000 0 eng c
010 ## - LIBRARY OF CONGRESS CONTROL NUMBER
LC control number 2002112576
015 ## - NATIONAL BIBLIOGRAPHY NUMBER
National bibliography number GBA3-22751
020 ## - INTERNATIONAL STANDARD BOOK NUMBER
International Standard Book Number 1564322793
035 ## - SYSTEM CONTROL NUMBER
System control number (OCoLC)ocm50961441
040 ## - CATALOGING SOURCE
Original cataloging agency DBI
Transcribing agency DBI
Modifying agency ILI
-- UKM
-- OCLCQ
-- DLC
042 ## - AUTHENTICATION CODE
Authentication code pcc
043 ## - GEOGRAPHIC AREA CODE
Geographic area code a-br---
050 00 - LIBRARY OF CONGRESS CALL NUMBER
Classification number HQ784.W3
Item number M9 2002
110 0# - MAIN ENTRY--CORPORATE NAME
Corporate name or jurisdiction name as entry element Human Rights Watch
245 10 - TITLE STATEMENT
Title "My gun was as tall as me" :
Remainder of title child soldiers in Burma.
Statement of responsibility, etc. Human Rights Watch
246 30 - VARYING FORM OF TITLE
Title proper/short title Child soldiers in Burma
260 ## - PUBLICATION, DISTRIBUTION, ETC.
Place of publication, distribution, etc. New York :
Name of publisher, distributor, etc. Human Rights Watch,
Date of publication, distribution, etc. c2002.
300 ## - PHYSICAL DESCRIPTION
Extent iv, 213 p. :
Other physical details map ;
Dimensions 23 cm.
500 ## - GENERAL NOTE
General note Written by Kevin Heppner based on research conducted in March 2002 by Kevin Heppner and Jo Becker; edited by Jo Becker ... [et al.]
504 ## - BIBLIOGRAPHY, ETC. NOTE
Bibliography, etc. note Includes bibliographical references.
650 #0 - SUBJECT ADDED ENTRY--TOPICAL TERM
Topical term or geographic name entry element Child soldiers
Geographic subdivision Burma.
650 #0 - SUBJECT ADDED ENTRY--TOPICAL TERM
Topical term or geographic name entry element Children and war
Geographic subdivision Burma.
700 1# - ADDED ENTRY--PERSONAL NAME
Personal name Heppner, Kevin.
700 1# - ADDED ENTRY--PERSONAL NAME
Personal name Becker, Jo.
710 2# - ADDED ENTRY--CORPORATE NAME
Corporate name or jurisdiction name as entry element Human Rights Watch (Organization)
906 ## - LOCAL DATA ELEMENT F, LDF (RLIN)
a 7
b cbc
c pccadap
d 2
e ncip
f 20
g y-gencatlg
942 ## - ADDED ENTRY ELEMENTS (KOHA)
Source of classification or shelving scheme
Koha item type Book
Holdings
Withdrawn status Lost status Damaged status Not for loan Collection code Permanent Location Current Location Shelving location Date acquired Total Checkouts Full call number Barcode Date last seen Price effective from Koha item type
          Centre for International Peace & Stability (CIPS) Centre for International Peace & Stability (CIPS) General Stacks 09/03/2013   355.008309591 HUM 2002 CIPS0000739 09/03/2013 01/05/2017 Book
© 2023 Central Library, National University of Sciences and Technology. All Rights Reserved.